| 000 | 00906nac a22002291u 4500 | ||
|---|---|---|---|
| 010 | _a 00034264 | ||
| 020 | _a0750645806 | ||
| 082 | 0 | 0 |
_a658.3 _bSTR |
| 090 |
_c8867 _d8867 |
||
| 100 | _aStredwick, John. | ||
| 245 | 1 | 3 |
_aAn introduction to human resource management / _cJohn Stredwick. |
| 260 |
_aBoston : _bButterworth-Heinemann, _c2000. |
||
| 300 |
_axiv, 393 p. ; _c24 cm. |
||
| 500 | _aDistributer: Baccah. | ||
| 504 | _aIncludes bibliographical references and indexes. | ||
| 511 | _aCatalogued By: Mahitab. | ||
| 650 | 0 | _aPersonnel management. | |
| 856 | 4 | 2 |
_3Publisher description _uhttp://www.loc.gov/catdir/description/els031/00034264.html |
| 856 | 4 | 2 |
_3Table of contents _uhttp://www.loc.gov/catdir/toc/els031/00034264.html |
| 942 |
_cBB _k658.3STR |
||
| 999 |
_c8867 _d8867 |
||